Comparison of the yield of straw mushroom cultivated on using rice straw water yacin substrat, ការប្រៀបធៀបទិន្នផលនៃដំណាំផ្សិតចំបើងលើល្បាយបីប្រភេទផ្សេងគ្នា (Record no. 1428)

000 -LEADER
fixed length control field 00639nam a22001577a 4500
003 - CONTROL NUMBER IDENTIFIER
control field OSt
005 - DATE AND TIME OF LATEST TRANSACTION
control field 20150928173653.0
008 - FIXED-LENGTH DATA ELEMENTS--GENERAL INFORMATION
fixed length control field 150928b xxu||||| |||| 00| 0 eng d
040 ## - CATALOGING SOURCE
Transcribing agency RUA
082 ## - DEWEY DECIMAL CLASSIFICATION NUMBER
Classification number ATM.Sp THA 2003 B059 Or.1
100 ## - MAIN ENTRY--PERSONAL NAME
9 (RLIN) 1518
Personal name THAN, BUNTHON.
245 ## - TITLE STATEMENT
Title Comparison of the yield of straw mushroom cultivated on using rice straw water yacin substrat, ការប្រៀបធៀបទិន្នផលនៃដំណាំផ្សិតចំបើងលើល្បាយបីប្រភេទផ្សេងគ្នា
260 ## - PUBLICATION, DISTRIBUTION, ETC. (IMPRINT)
Place of publication, distribution, etc. Phnom Penh
Name of publisher, distributor, etc. RUA
Date of publication, distribution, etc. 2003
300 ## - PHYSICAL DESCRIPTION
Extent 40p.
Other physical details ill.
Dimensions 29cm.
942 ## - ADDED ENTRY ELEMENTS (KOHA)
Source of classification or shelving scheme
Koha item type ATM.s
Holdings
Price effective from Date last seen Permanent Location Not for loan Date acquired Source of classification or shelving scheme Koha item type Lost status Withdrawn status Date last checked out Total Checkouts Shelving location Damaged status Barcode Current Location Full call number
2015-09-282018-08-15Library Block B 2015-09-28 ATM.s  2018-07-162B059 RUA001724Library Block BATM.Sp THA 2003 B059 Or.1
មជ្ឈមណ្ឌលឯការនៃសាកលវិទ្យាល័យភូមិន្ទកសិកម្មចំការដូង

Powered by Koha